Văn kiện Đảng toàn tập. t.XX, 1959 /

Wedi'i Gadw mewn:
Manylion Llyfryddiaeth
Prif Awdur: Đảng Cộng sản Việt Nam
Fformat: Sách giấy
Iaith:Vietnamese
Cyhoeddwyd: H. : Chính trị Quốc gia, 2002
Pynciau:
Tagiau: Ychwanegu Tag
Dim Tagiau, Byddwch y cyntaf i dagio'r cofnod hwn!
Thư viện lưu trữ: Thư viện Trường Đại học Đà Lạt
LEADER 00744nam a2200277 4500
001 DLU030024892
005 ##20030728
008 ##030728t vn z000 vie d
040 # # |a DLU  |b vie 
041 # # |a vie 
044 # # |a vn 
082 # # |a 324.23  |b DAN 
100 # # |a Đảng Cộng sản Việt Nam 
245 # # |a Văn kiện Đảng toàn tập.  |n t.XX,  |p 1959 /  |c Đảng Cộng sản Việt Nam 
260 # # |a H. :  |b Chính trị Quốc gia,  |c 2002 
300 # # |a 1102 tr. ;  |c 23 cm 
610 # # |a Đảng Cộng sản Việt Nam  |x Văn kiện. 
992 # # |a 45000 
994 # # |a DLU 
900 # # |a True 
911 # # |a Nguyễn An Thanh 
925 # # |a G 
926 # # |a A 
927 # # |a SH 
980 # # |a Thư viện Trường Đại học Đà Lạt